Hàm cá mập = Jaws

Gespeichert in:
Bibliographische Detailangaben
1. Verfasser: Peter Benchley
Format: Buch
Sprache:Undetermined
Veröffentlicht: Hà Nội Hội Nhà Văn 1999
Schlagworte:
Tags: Tag hinzufügen
Keine Tags, Fügen Sie den ersten Tag hinzu!
Thư viện lưu trữ: Trung tâm Học liệu Trường Đại học Cần Thơ
LEADER 00556nam a2200181Ia 4500
001 CTU_30718
008 210402s9999 xx 000 0 und d
082 |a 813.5 
082 |b B457 
100 |a Peter Benchley 
245 0 |a Hàm cá mập 
245 0 |b = Jaws 
245 0 |c Peter Benchley; Dịch giả: Nguyễn Việt Long 
260 |a Hà Nội 
260 |b Hội Nhà Văn 
260 |c 1999 
650 |a american fiction - 20th century,american literature - 20th century 
980 |a Trung tâm Học liệu Trường Đại học Cần Thơ